Normal view
MARC view
- الطائي، حميدعبد النبي؛ م. مشارك نضال اسماعيل أبو الخير
Entry Personal Name
001 - CONTROL NUMBER
- control field: 64301
003 - CONTROL NUMBER IDENTIFIER
- control field: JO-AjAnu
005 - DATE AND TIME OF LATEST TRANSACTION
- control field: 20230606084506.0
008 - FIXED-LENGTH DATA ELEMENTS
- fixed length control field: 230606|| aca||aabn | a|a d
040 ## - CATALOGING SOURCE
- Original cataloging agency: JO-AjAnu
- Transcribing agency: JO-AjAnu
100 ## - HEADING--PERSONAL NAME
- Personal name: الطائي، حميدعبد النبي؛ م. مشارك نضال اسماعيل أبو الخير
670 ## - SOURCE DATA FOUND
- Source citation: Work cat.: (JO-AjAnu)32782: الطائي، حميدعبد النبي؛ م. مشارك نضال اسماعيل أبو الخير, author, التسويق الالكتروني في قطاع الخدمات: مدخل مفاهيمي وتطبيقي